El fin de la economia racional (Registro nro. 10960)
[ vista simple ]
| 000 -LEADER | |
|---|---|
| fixed length control field | 00348 a2200109 4500 |
| 001 - CONTROL NUMBER | |
| control field | ART_14924 |
| 005 - DATE AND TIME OF LATEST TRANSACTION | |
| control field | 20260410161615.0 |
| 008 - FIXED-LENGTH DATA ELEMENTS--GENERAL INFORMATION | |
| fixed length control field | 260409a |
| 100 1# - MAIN ENTRY--PERSONAL NAME | |
| Personal name | Ariely, Dan |
| 245 10 - TITLE STATEMENT | |
| Title | El fin de la economia racional |
| 773 0# - HOST ITEM ENTRY | |
| Title | Harvard Business Review |
| Related parts | La gestión en un mundo que cambió - Vol. 87, Nº 7 (jul. 2009) |
| Record control number | REV340 |
No hay ítems disponibles.